000 00702nam a2200289Ia 4500
005 20260324124843.0
008 008 260324s9999 xx 000 0 eng d
020 _a9781003230694
037 _aEBOOK
040 _aCRL
040 _beng
040 _cCRL
041 _2eng
041 _aeng
084 _qCRL
100 _aChristopher Wright; Arnd Schneider
_91167132
245 0 _aBetween Art and Anthropology
245 0 _bContemporary Ethnographic Practice
260 _bTaylor and Francis
260 _c2010
365 _a
365 _b180
856 _uhttp://www.taylorfrancis.com/books/9781003230694
942 _cEBOOK
999 _c1770503
_d1770503